Retos y oportunidades de las izquierdas latinoamericanas /
Revisa de forma breve la situación de los gobiernos progresistas o de izquierda en América Latina. Además, analiza el papel de los partidos y movimientos políticos de esta corriente ideológica. Se abordan temáticas como: el proyecto revolucionario, la decisión de voto, la globalización, la crisis y...
保存先:
| 第一著者: | |
|---|---|
| フォーマット: | 図書 |
| 言語: | Spanish |
| 主題: | |
| タグ: |
タグ追加
タグなし, このレコードへの初めてのタグを付けませんか!
|
MARC
| LEADER | 00000nam a22000007a 4500 | ||
|---|---|---|---|
| 003 | cru CIDCACS/IIS | ||
| 005 | 20170905141506.0 | ||
| 007 | ta | ||
| 008 | 170824s2012 cu |||p|r|||| 00| 0 spa d | ||
| 999 | |c 40309 |d 40309 | ||
| 040 | |c cru CIDCACS/IIS | ||
| 100 | 1 | |9 5341 |a Castro, Nils | |
| 245 | 1 | |a Retos y oportunidades de las izquierdas latinoamericanas / |c Nils Castro | |
| 300 | |a páginas 112-116 | ||
| 520 | |a Revisa de forma breve la situación de los gobiernos progresistas o de izquierda en América Latina. Además, analiza el papel de los partidos y movimientos políticos de esta corriente ideológica. Se abordan temáticas como: el proyecto revolucionario, la decisión de voto, la globalización, la crisis y la cultura política. Finaliza afirmando que América Latina debe crear sus propias aspiraciones e instrumentos para el cambio. | ||
| 650 | 0 | |9 1855 |a IDEOLOGIAS POLITICAS | |
| 650 | 1 | 0 | |9 137 |a REVOLUCION |
| 650 | 1 | 0 | |9 2097 |a SOCIALISMO |
| 650 | 0 | |9 4498 |a IZQUIERDA | |
| 650 | 1 | 0 | |9 129 |a NEOLIBERALISMO |
| 651 | 1 | 0 | |9 17 |a AMERICA LATINA |
| 773 | 0 | |0 19037 |9 1152 |a Casa de las Américas |d Cuba Casa de las Américas |o 13982 |t Casa de las Américas / | |
| 942 | |2 ddc |c PP | ||
